[Event "Stay Safe Play From Home 309"]
[Site "Emanuel Lasker Arena"]
[Date "2020.07.16"]
[Round "7"]
[White "UHU4"]
[Black "Dukic"]
[Result "0-1"]
[WhiteElo "1599"]
[BlackElo "1821"]
[Annotator "NA RC"]
[PlyCount "80"]
[EventDate "2020.07.16"]
[EventType "swiss (blitz)"]

{Manoc a, Calota} 1. e4 {[%emt 0:00:03]} c6 {[%emt 0:00:01]} 2. d4 {[%emt 0:00:02]} d6 {[%emt 0:00:01]} 3. Nf3 {[%emt 0:00:02]} Nd7 {[%emt 0:00:01]} 4. Bd3 {[%emt 0:00:02]} e5 {[%emt 0:00:01]} 5. dxe5 {[%emt 0:00:02]} dxe5 {[%emt 0:00:02]} 6. O-O {[%emt 0:00:02]} Ngf6 {[%emt 0:00:01]} 7. Nc3 {[%emt 0:00:01]} Bc5 {[%emt 0:00:03]} 8. Bg5 {[%emt 0:00:02]} O-O {[%emt 0:00:01]} 9. a3 {[%emt 0:00:03]} h6 {[%emt 0:00:01]} 10. Bd2 {[%emt 0:00:02]} Qe7 {[%emt 0:00:02]} 11. b4 {[%emt 0:00:03]} Bb6 {[%emt 0:00:02]} 12. Ne2 {[%emt 0:00:02]} Rd8 {[%emt 0:00:03]} 13. Qb1 {[%emt 0:00:02]} Nf8 {[%emt 0:00:02]} 14. Nc3 {[%emt 0:00:08]} Ng6 {[%emt 0:00:07] UHU4 reconnected.} 15. Na4 {[%emt 0:00:02]} Bc7 {[%emt 0:00:04]} 16. Nc5 {[%emt 0:00:02]} b6 {[%emt 0:00:02]} 17. Nb3 {[%emt 0:00:01]} Be6 {[%emt 0:00:02]} 18. Re1 {[%emt 0:00:10]} Rd7 {[%emt 0:00:01]} 19. Nc1 {[%emt 0:00:09]} Rad8 {[%emt 0:00:02]} 20. Ne2 {[%emt 0:00:02]} c5 {[%emt 0:00:10]} 21. bxc5 {[%emt 0:00:06]} bxc5 {[%emt 0:00:02]} 22. Be3 {[%emt 0:00:08]} c4 {[%emt 0:00:02]} 23. Rd1 {[%emt 0:00:12]} cxd3 {[%emt 0:00:02]} 24. cxd3 {[%emt 0:00:01]} Bb8 {[%emt 0:00:14]} 25. d4 {[%emt 0:00:06]} exd4 {[%emt 0:00:02]} 26. Nexd4 {[%emt 0:00:04]} Bc4 {[%emt 0:00:06]} 27. Nc6 {[%emt 0:00:03]} Rxd1+ {[%emt 0:00:03]} 28. Qxd1 {[%emt 0:00:03]} Rxd1+ {[%emt 0:00:02]} 29. Rxd1 {[%emt 0:00:02]} Qe8 {[%emt 0:00:01]} 30. Rd8 {[%emt 0:00:11]} Qxd8 {[%emt 0:00:04]} 31. Nxd8 {[%emt 0:00:01]} Nxe4 {[%emt 0:00:02]} 32. Nc6 {[%emt 0:00:02]} Bd6 {[%emt 0:00:03]} 33. Nxa7 {[%emt 0:00:13]} Bxa3 {[%emt 0:00:01]} 34. Nc6 {[%emt 0:00:02]} Bd5 {[%emt 0:00:04]} 35. Ncd4 {[%emt 0:00:06]} Bd6 {[%emt 0:00:07]} 36. Nb5 {[%emt 0:00:05]} Bb8 {[%emt 0:00:01]} 37. Nfd4 {[%emt 0:00:09]} Ne5 {[%emt 0:00:03]} 38. f3 {[%emt 0:00:08]} Nd6 {[%emt 0:00:04]} 39. Nc3 {[%emt 0:00:04]} Bb7 {[%emt 0:00:09]} 40. Kf2 {[%emt 0:00:11]} Ndc4 {[%emt 0:00:01] Tiempo (Lag: Av=0.55s, max=1.0s)} 0-1

[Event "Stay Safe Play From Home 309"]
[Site "Emanuel Lasker Arena"]
[Date "2020.07.16"]
[Round "7"]
[White "Timbre"]
[Black "Buzaglo"]
[Result "0-1"]
[WhiteElo "1582"]
[BlackElo "1829"]
[Annotator "NA RC"]
[PlyCount "98"]
[EventDate "2020.07.16"]
[EventType "swiss (blitz)"]

1. d4 {[%emt 0:00:02]} d5 {[%emt 0:00:01]} 2. Nf3 {[%emt 0:00:01]} Nf6 {[%emt 0:00:01]} 3. c3 {[%emt 0:00:01]} e6 {[%emt 0:00:01]} 4. Bf4 {[%emt 0:00:01]} c5 {[%emt 0:00:01]} 5. e3 {[%emt 0:00:01]} Bd6 {[%emt 0:00:02]} 6. Bg3 {[%emt 0:00:02]} Bxg3 {[%emt 0:00:01]} 7. hxg3 {[%emt 0:00:02]} h6 {[%emt 0:00:01]} 8. Bd3 {[%emt 0:00:01]} c4 {[%emt 0:00:01]} 9. Bc2 {[%emt 0:00:02]} Nc6 {[%emt 0:00:02]} 10. Nbd2 {[%emt 0:00:02]} Qb6 {[%emt 0:00:03]} 11. Rb1 {[%emt 0:00:02]} a5 {[%emt 0:00:05]} 12. a3 {[%emt 0:00:03]} Qc7 {[%emt 0:00:03]} 13. Qe2 {[%emt 0:00:01]} b5 {[%emt 0:00:02]} 14. e4 {[%emt 0:00:02]} Nxe4 {[%emt 0:00:05]} 15. Nxe4 {[%emt 0:00:02]} dxe4 {[%emt 0:00:00]} 16. Bxe4 {[%emt 0:00:04]} Bb7 {[%emt 0:00:01]} 17. Bc2 {[%emt 0:00:01]} Ne7 {[%emt 0:00:03]} 18. Ne5 {[%emt 0:00:04]} Bxg2 {[%emt 0:00:09]} 19. Rg1 {[%emt 0:00:03]} Bd5 {[%emt 0:00:10]} 20. Be4 {[%emt 0:00:02]} Bxe4 {[%emt 0:00:02]} 21. Qxe4 {[%emt 0:00:02]} Rd8 {[%emt 0:00:12]} 22. Kf1 {[%emt 0:00:10]} Qd6 {[%emt 0:00:06]} 23. Qf4 {[%emt 0:00:07]} O-O {[%emt 0:00:15]} 24. Rh1 {[%emt 0:00:05]} Ng6 {[%emt 0:00:05]} 25. Nxg6 {[%emt 0:00:18]} fxg6 {[%emt 0:00:00]} 26. Qe3 {[%emt 0:00:02]} Qd5 {[%emt 0:00:06]} 27. Rh2 {[%emt 0:00:03]} Rf6 {[%emt 0:00:07]} 28. Re1 {[%emt 0:00:03]} Rdf8 {[%emt 0:00:02]} 29. Re2 {[%emt 0:00:07]} Qf5 {[%emt 0:00:06]} 30. Rh4 {[%emt 0:00:06]} g5 {[%emt 0:00:08]} 31. Re4 {[%emt 0:00:07]} Qh3+ {[%emt 0:00:03]} 32. Kg1 {[%emt 0:00:04]} Rf3 {[%emt 0:00:06]} 33. Qd2 {[%emt 0:00:07]} R8f6 {[%emt 0:00:03]} 34. d5 {[%emt 0:00:04]} exd5 {[%emt 0:00:04]} 35. Qxd5+ {[%emt 0:00:02]} Kh7 {[%emt 0:00:01]} 36. Re8 {[%emt 0:00:11]} Qf5 {[%emt 0:00:11]} 37. Qg8+ {[%emt 0:00:09]} Kg6 {[%emt 0:00:00]} 38. R8e5 {[%emt 0:00:05]} Qb1+ {[%emt 0:00:02]} 39. Kg2 {[%emt 0:00:05]} Rf8 {[%emt 0:00:09]} 40. Qe6+ {[%emt 0:00:04]} R3f6 {[%emt 0:00:01]} 41. Qd5 {[%emt 0:00:03]} Qd3 {[%emt 0:00:03]} 42. Qxb5 {[%emt 0:00:05]} Kh7 {[%emt 0:00:05]} 43. Qc5 {[%emt 0:00:03]} Qg6 {[%emt 0:00:03]} 44. Qd4 {[%emt 0:00:02]} Qf7 {[%emt 0:00:01]} 45. Re7 {[%emt 0:00:01]} Qg6 {[%emt 0:00:02]} 46. R7e5 {[%emt 0:00:01]} Rd6 {[%emt 0:00:02]} 47. Qe3 {[%emt 0:00:02]} Rdf6 {[%emt 0:00:01]} 48. Re7 {[%emt 0:00:01]} R6f7 {[%emt 0:00:01]} 49. Re5 {[%emt 0:00:01]} Rxf2+ {[%emt 0:00:01] Time (Lag: Av=0.40s, max=0.8s)} 0-1

[Event "Stay Safe Play From Home 309"]
[Site "Emanuel Lasker Arena"]
[Date "2020.07.16"]
[Round "8"]
[White "Lazieri3"]
[Black "Greblha"]
[Result "1-0"]
[WhiteElo "2023"]
[BlackElo "1978"]
[Annotator "TA"]
[PlyCount "157"]
[EventDate "2020.07.16"]
[EventType "swiss (blitz)"]

{[%evp 13,156,39,35,1,15,-45,-47,-56,-25,-25,-22,-36,3,-16,-11,-27,0,0,15,-31,-37,-87,-81,-90,-41,-41,-41,-42,-47,-28,-28,-47,-41,-64,-64,-64,70,71,113,72,113,114,117,117,109,103,101,106,121,120,140,133,268,267,261,142,238,0,266,0,221,0,0,0,0,0,162,175,194,169,220,220,244,248,256,231,277,158,312,344,625,604,592,563,469,393,620,577,559,534,1325,1170,1447,1266,1742,1736,5608,5097,29970,29972,29981,29982,29982,29983,29983,29984,29984,29983,29982,29984,29984,29985,29985,29985,29985,29986,29986,29987,29986,29988,29988,29989,29989,29989,29989,29990,29993,29991,29991,29992,29996,29993,29993,29994,29994,29995,29995,29996,29996,29997,29997,29998,29998,29999,29999]} 1. e4 c6 2. d4 d5 3. exd5 cxd5 4. c3 Nc6 5. Nf3 g6 6. Bf4 Bg7 7. Bd3 Nh6 8. Qc1 {B13: Caro-Kann: Exchange Variation and Panov-Botvinnik Attack.} Nf5 {[#]} 9. Bxf5 $146 (9. Na3 $11) ({Predecessor:} 9. O-O O-O 10. Re1 a6 11. Nbd2 Re8 12. Ne5 f6 13. Nxc6 bxc6 14. Nf3 Nd6 15. h4 {0-1 (27) Zambrano Vinache,A (1670)-Lopez Ramirez,D (1980) Medellin 2019}) 9... Bxf5 $15 10. Bh6 {Black is slightly better.} O-O 11. Bxg7 Kxg7 12. O-O b5 13. a3 a5 14. Re1 Rc8 15. Qe3 Qd6 (15... Be4 {keeps more tension.} 16. Nbd2 Bxf3 17. Nxf3 e6 18. g3 Qc7) 16. Ne5 (16. Nbd2 {looks sharper.} Rfe8 17. Nb3 a4 18. Nc5 Na5 19. Qe2) 16... Nxe5 17. Qxe5+ Qxe5 18. Rxe5 Bxb1 19. Rxb1 {[%mdl 4096] Endgame KRR-KRR} e6 20. Re3 {[#]} b4 $1 {[%mdl 512]} 21. axb4 axb4 22. Kf1 Rc4 23. Ke2 Rfc8 {[%cal Rb4c3]} 24. Kd2 b3 (24... Ra8 $15) 25. Ra1 $14 Rb8 26. Ra3 Kf6 27. Rf3+ Kg7 28. Ra7 Rf8 29. Rb7 Ra4 30. Rxb3 Ra1 31. Rb7 Rg1 32. g3 h5 {[#]} (32... g5 $16 {keeps fighting.} 33. h4 gxh4 34. gxh4 Rg4) 33. h4 $1 $18 Ra1 34. Re3 (34. Kc2 $18) 34... Kf6 (34... Re8 $16 35. Rf3 Rf8) 35. Rf3+ Kg7 36. Re3 $2 ({White should try} 36. Kc2 $18) 36... Rf1 $2 (36... Kf6 $11 {and Black stays safe.}) 37. Re1 $2 ({White should play} 37. Ke2 $18 Rb1 38. Kd3) 37... Rxf2+ $11 38. Kd3 Rf3+ 39. Re3 Rf1 $2 {White stays focused until the end.} (39... Rxe3+ $11 40. Kxe3 Ra8) 40. Rxe6 $1 $18 Rd1+ 41. Kc2 Rg1 {[#]} (41... Rf1 $142 42. Kd3 Ra8) 42. Re3 $1 Rg2+ 43. Kd3 Rf2 44. b4 Ra8 45. Rbe7 (45. Rd7 $18) 45... Raa2 $2 (45... Ra1 $16 {was necessary.} 46. Re1 Ra3) 46. Re2 Kf6 $2 (46... Rf3+ 47. R7e3 Rxe3+ 48. Kxe3 Ra1) 47. Rxa2 Rxa2 {KR-KR} 48. Re5 Rg2 49. Re3 g5 (49... Kf5 $142 50. Re5+ Kf6 51. Rxd5 Rxg3+ 52. Kc4 Ke6) 50. hxg5+ Kxg5 51. c4 dxc4+ 52. Kxc4 f5 53. b5 f4 54. gxf4+ Kxf4 55. Rb3 h4 56. b6 {White mates.} Rc2+ 57. Kd5 Rc8 58. b7 Rb8 59. Kc6 Kg4 60. d5 h3 61. d6 h2 62. Rb1 Rh8 63. Kc7 h1=Q 64. Rxh1 Rxh1 65. b8=Q {KQ-KR} Rc1+ 66. Kd7 Rf1 67. Qg8+ Kh3 68. Qe6+ Kg2 69. Ke7 Rd1 70. d7 Kf1 71. d8=Q Re1 {[#]} 72. Qxe1+ $3 Kxe1 73. Qd3 Kf2 74. Kf6 Kg2 75. Kf5 Kf2 76. Kf4 Kg2 77. Qe2+ Kh3 78. Qd2 Kh4 79. Qh2# {Accuracy: White = 77%, Black = 40%.} 1-0

[Event "Stay Safe Play From Home 309"]
[Site "Emanuel Lasker Arena"]
[Date "2020.07.16"]
[Round "8"]
[White "DM1969"]
[Black "Oliverfab"]
[Result "1-0"]
[WhiteElo "1974"]
[BlackElo "1812"]
[Annotator "NA RC"]
[PlyCount "73"]
[EventDate "2020.07.16"]
[EventType "swiss (blitz)"]
[BlackTeam "SV Laatzen"]

{- Fábregas, Oliver (1915)} 1. d4 {[%emt 0:00:05]} Nf6 {[%emt 0:00:02]} 2. Nf3 {[%emt 0:00:01]} e6 {[%emt 0:00:01]} 3. e3 {[%emt 0:00:01]} c5 {[%emt 0:00:01]} 4. c4 {[%emt 0:00:02]} cxd4 {[%emt 0:00:01]} 5. exd4 {[%emt 0:00:02]} d5 {[%emt 0:00:01]} 6. Nc3 {[%emt 0:00:02]} Be7 {[%emt 0:00:03]} 7. Bf4 {[%emt 0:00:06]} Nc6 {[%emt 0:00:03]} 8. a3 {[%emt 0:00:06]} O-O {[%emt 0:00:05]} 9. Be2 {[%emt 0:00:02]} a6 {[%emt 0:00:05]} 10. O-O {[%emt 0:00:02]} dxc4 {[%emt 0:00:01]} 11. Bxc4 {[%emt 0:00:02]} b5 {[%emt 0:00:01]} 12. Ba2 {[%emt 0:00:01]} Bb7 {[%emt 0:00:01]} 13. Rc1 {[%emt 0:00:03]} Na5 {[%emt 0:00:07]} 14. Ne5 {[%emt 0:00:03]} Rc8 {[%emt 0:00:08]} 15. Qe2 {[%emt 0:00:02]} Bd5 {[%emt 0:00:17]} 16. Nxd5 {[%emt 0:00:05]} Nxd5 {[%emt 0:00:04]} 17. Rxc8 {[%emt 0:00:02]} Qxc8 {[%emt 0:00:01]} 18. Bxd5 {[%emt 0:00:02]} exd5 {[%emt 0:00:02]} 19. Rc1 {[%emt 0:00:06]} Qe6 {[%emt 0:00:18]} 20. Qd2 {[%emt 0:00:17]} Nc4 {[%emt 0:00:04]} 21. Nxc4 {[%emt 0:00:06]} bxc4 {[%emt 0:00:04]} 22. Re1 {[%emt 0:00:02]} Qd7 {[%emt 0:00:04]} 23. h3 {[%emt 0:00:03]} Bf6 {[%emt 0:00:02]} 24. Be5 {[%emt 0:00:03]} Qc6 {[%emt 0:00:22]} 25. Qa5 {[%emt 0:00:10]} Bd8 {[%emt 0:00:36]} 26. Qc3 {[%emt 0:00:05]} Bf6 {[%emt 0:00:02]} 27. Qg3 {[%emt 0:00:04]} Bxe5 {[%emt 0:00:02]} 28. Rxe5 {[%emt 0:00:02]} h6 {[%emt 0:00:03]} 29. Qf3 {[%emt 0:00:03]} Rd8 {[%emt 0:00:02]} 30. g4 {[%emt 0:00:05]} Qb6 {[%emt 0:00:03]} 31. Re7 {[%emt 0:00:08]} Qg6 {[%emt 0:00:03]} 32. h4 {[%emt 0:00:02]} Rb8 {[%emt 0:00:02]} 33. h5 {[%emt 0:00:02]} Qb1+ {[%emt 0:00:06]} 34. Kg2 {[%emt 0:00:02]} Rf8 {[%emt 0:00:01]} 35. Qxd5 {[%emt 0:00:02]} Qxb2 {[%emt 0:00:00]} 36. Qxc4 {[%emt 0:00:03]} Qc3 {[%emt 0:00:00]} 37. Qxc3 {[%emt 0:00:01] Zeit (Lag: Av=0.81s, max=1.5s)} 1-0

[Event "Stay Safe Play From Home 309"]
[Site "Emanuel Lasker Arena"]
[Date "2020.07.16"]
[Round "8"]
[White "Haris kollari 13"]
[Black "Buzaglo"]
[Result "0-1"]
[WhiteElo "1940"]
[BlackElo "1836"]
[Annotator "NA RC"]
[PlyCount "108"]
[EventDate "2020.07.16"]
[EventType "swiss (blitz)"]

1. e4 {[%emt 0:00:01]} e5 {[%emt 0:00:01]} 2. Nf3 {[%emt 0:00:05]} d6 {[%emt 0:00:01]} 3. Bc4 {[%emt 0:00:02]} Be7 {[%emt 0:00:01]} 4. O-O {[%emt 0:00:02]} Nf6 {[%emt 0:00:01]} 5. d3 {[%emt 0:00:02]} O-O {[%emt 0:00:00]} 6. h3 {[%emt 0:00:01]} c6 {[%emt 0:00:01]} 7. Bb3 {[%emt 0:00:01]} Nbd7 {[%emt 0:00:02]} 8. Be3 {[%emt 0:00:02]} d5 {[%emt 0:00:02]} 9. exd5 {[%emt 0:00:02]} cxd5 {[%emt 0:00:00]} 10. Re1 {[%emt 0:00:03]} e4 {[%emt 0:00:03]} 11. dxe4 {[%emt 0:00:02]} dxe4 {[%emt 0:00:00]} 12. Ng5 {[%emt 0:00:05]} Nc5 {[%emt 0:00:09]} 13. Bxc5 {[%emt 0:00:09]} Qxd1 {[%emt 0:00:05]} 14. Rxd1 {[%emt 0:00:02]} Bxc5 {[%emt 0:00:01]} 15. Nc3 {[%emt 0:00:01]} Bf5 {[%emt 0:00:20]} 16. Re1 {[%emt 0:00:01]} h6 {[%emt 0:00:03]} 17. Ngxe4 {[%emt 0:00:03]} Nxe4 {[%emt 0:00:01]} 18. Nxe4 {[%emt 0:00:01]} Bb6 {[%emt 0:00:02]} 19. Nd6 {[%emt 0:00:05]} Bg6 {[%emt 0:00:08]} 20. Nxb7 {[%emt 0:00:05]} Rac8 {[%emt 0:00:05]} 21. Nd6 {[%emt 0:00:10]} Rc6 {[%emt 0:00:03]} 22. Nc4 {[%emt 0:00:02]} Bc5 {[%emt 0:00:03]} 23. Rad1 {[%emt 0:00:03]} Rf6 {[%emt 0:00:03]} 24. Rd2 {[%emt 0:00:06]} Bf5 {[%emt 0:00:22]} 25. Ne5 {[%emt 0:00:06]} a5 {[%emt 0:00:06]} 26. g4 {[%emt 0:00:14]} Bc8 {[%emt 0:00:05]} 27. Ree2 {[%emt 0:00:08]} Ba6 {[%emt 0:00:02]} 28. Nd7 {[%emt 0:00:08]} Bxe2 {[%emt 0:00:07]} 29. Rxe2 {[%emt 0:00:04]} Rf3 {[%emt 0:00:09]} 30. Nxf8 {[%emt 0:00:08]} Kxf8 {[%emt 0:00:09]} 31. Kg2 {[%emt 0:00:01]} Rf6 {[%emt 0:00:02]} 32. Ba4 {[%emt 0:00:04]} g5 {[%emt 0:00:01]} 33. a3 {[%emt 0:00:03]} Bd4 {[%emt 0:00:03]} 34. c3 {[%emt 0:00:03]} Bb6 {[%emt 0:00:02]} 35. Bc2 {[%emt 0:00:13]} Kg7 {[%emt 0:00:01]} 36. Bf5 {[%emt 0:00:01]} Rd6 {[%emt 0:00:02]} 37. Kf3 {[%emt 0:00:05]} Rf6 {[%emt 0:00:07]} 38. b4 {[%emt 0:00:02]} axb4 {[%emt 0:00:01]} 39. axb4 {[%emt 0:00:01]} Bc7 {[%emt 0:00:04]} 40. c4 {[%emt 0:00:01]} Bf4 {[%emt 0:00:01]} 41. b5 {[%emt 0:00:06]} Rd6 {[%emt 0:00:01]} 42. c5 {[%emt 0:00:02]} Rd5 {[%emt 0:00:01]} 43. Rc2 {[%emt 0:00:01]} Rd4 {[%emt 0:00:03]} 44. b6 {[%emt 0:00:01]} Rb4 {[%emt 0:00:01]} 45. Bd3 {[%emt 0:00:06]} Rb3 {[%emt 0:00:01]} 46. Ke4 {[%emt 0:00:02]} Rb4+ {[%emt 0:00:01]} 47. Kd5 {[%emt 0:00:01]} Rb1 {[%emt 0:00:06]} 48. Kc6 {[%emt 0:00:00]} Rd1 {[%emt 0:00:00]} 49. Bc4 {[%emt 0:00:02]} Rd8 {[%emt 0:00:01]} 50. Kb7 {[%emt 0:00:01]} Rd7+ {[%emt 0:00:01]} 51. Ka6 {[%emt 0:00:01]} Rd8 {[%emt 0:00:00]} 52. c6 {[%emt 0:00:00]} Ra8+ {[%emt 0:00:01]} 53. Kb5 {[%emt 0:00:00]} Rd8 {[%emt 0:00:01]} 54. b7 {[%emt 0:00:00]} Rd5+ {[%emt 0:00:01] Time (Lag: Av=0.52s, max=0.9s)} 0-1

[Event "Stay Safe Play From Home 309"]
[Site "Emanuel Lasker Arena"]
[Date "2020.07.16"]
[Round "8"]
[White "Dukic"]
[Black "Timbre"]
[Result "0-1"]
[WhiteElo "1829"]
[BlackElo "1576"]
[Annotator "NA RC"]
[PlyCount "106"]
[EventDate "2020.07.16"]
[EventType "swiss (blitz)"]

1. c4 {[%emt 0:00:08]} c6 {[%emt 0:00:02]} 2. Nc3 {[%emt 0:00:02]} d5 {[%emt 0:00:01]} 3. cxd5 {[%emt 0:00:01]} cxd5 {[%emt 0:00:01]} 4. d4 {[%emt 0:00:01]} Nc6 {[%emt 0:00:01]} 5. Nf3 {[%emt 0:00:00]} Nf6 {[%emt 0:00:01]} 6. Bf4 {[%emt 0:00:02]} e6 {[%emt 0:00:03]} 7. e3 {[%emt 0:00:01]} Bd6 {[%emt 0:00:01]} 8. Bg5 {[%emt 0:00:04]} Be7 {[%emt 0:00:01]} 9. Bd3 {[%emt 0:00:01]} a6 {[%emt 0:00:01]} 10. O-O {[%emt 0:00:01]} O-O {[%emt 0:00:01]} 11. Rc1 {[%emt 0:00:01]} h6 {[%emt 0:00:02]} 12. Bh4 {[%emt 0:00:02]} Nh7 {[%emt 0:00:02]} 13. Bg3 {[%emt 0:00:02]} Bd6 {[%emt 0:00:02]} 14. Ne5 {[%emt 0:00:01]} Bxe5 {[%emt 0:00:02]} 15. dxe5 {[%emt 0:00:01]} f6 {[%emt 0:00:04]} 16. f4 {[%emt 0:00:02]} f5 {[%emt 0:00:02]} 17. Ne2 {[%emt 0:00:02]} Rf7 {[%emt 0:00:02]} 18. Nd4 {[%emt 0:00:10]} Nxd4 {[%emt 0:00:04]} 19. exd4 {[%emt 0:00:01]} Bd7 {[%emt 0:00:01]} 20. Qd2 {[%emt 0:00:06]} Bc6 {[%emt 0:00:01]} 21. Be2 {[%emt 0:00:01]} Nf8 {[%emt 0:00:02]} 22. Rc3 {[%emt 0:00:05]} Rc7 {[%emt 0:00:09]} 23. Rfc1 {[%emt 0:00:01]} Rac8 {[%emt 0:00:02]} 24. Qc2 {[%emt 0:00:04]} Qd7 {[%emt 0:00:04]} 25. Rc5 {[%emt 0:00:09]} Qe7 {[%emt 0:00:02]} 26. Be1 {[%emt 0:00:03]} Nd7 {[%emt 0:00:03]} 27. Rc3 {[%emt 0:00:04]} Nb6 {[%emt 0:00:02]} 28. b3 {[%emt 0:00:02]} Nd7 {[%emt 0:00:02]} 29. Qb2 {[%emt 0:00:08]} Nf8 {[%emt 0:00:03]} 30. Rc5 {[%emt 0:00:02]} Nd7 {[%emt 0:00:02]} 31. R5c2 {[%emt 0:00:01]} Nf8 {[%emt 0:00:01]} 32. Ba5 {[%emt 0:00:01]} Rd7 {[%emt 0:00:03]} 33. Bb6 {[%emt 0:00:05]} Qf7 {[%emt 0:00:05]} 34. Qa3 {[%emt 0:00:03]} Re7 {[%emt 0:00:02]} 35. Qb4 {[%emt 0:00:05]} Nd7 {[%emt 0:00:03]} 36. Ba7 {[%emt 0:00:03]} Ree8 {[%emt 0:00:02]} 37. a4 {[%emt 0:00:03]} Ra8 {[%emt 0:00:05]} 38. Bb6 {[%emt 0:00:04]} Nxb6 {[%emt 0:00:02]} 39. Qxb6 {[%emt 0:00:01]} Rac8 {[%emt 0:00:02]} 40. Bxa6 {[%emt 0:00:03]} Qe7 {[%emt 0:00:06]} 41. Bb5 {[%emt 0:00:04]} Qh4 {[%emt 0:00:05]} 42. g3 {[%emt 0:00:02]} Qg4 {[%emt 0:00:06]} 43. Bxc6 {[%emt 0:00:04]} bxc6 {[%emt 0:00:02]} 44. Rxc6 {[%emt 0:00:01]} Rxc6 {[%emt 0:00:02]} 45. Qxc6 {[%emt 0:00:01]} Rf8 {[%emt 0:00:08]} 46. Qxe6+ {[%emt 0:00:01]} Kh8 {[%emt 0:00:02]} 47. Qxd5 {[%emt 0:00:01]} Qe2 {[%emt 0:00:04]} 48. Rf1 {[%emt 0:00:09]} Qe3+ {[%emt 0:00:02]} 49. Kg2 {[%emt 0:00:02]} Rc8 {[%emt 0:00:08]} 50. Rf2 {[%emt 0:00:01]} Rc1 {[%emt 0:00:13]} 51. h4 {[%emt 0:00:02]} Qe1 {[%emt 0:00:06]} 52. Qa8+ {[%emt 0:00:26]} Kh7 {[%emt 0:00:03]} 53. Qf8 {[%emt 0:00:06]} Qh1# {[%emt 0:00:05] (Lag: Av=0.59s, max=1.6s)} 0-1

[Event "Stay Safe Play From Home 309"]
[Site "Emanuel Lasker Arena"]
[Date "2020.07.16"]
[Round "9"]
[White "Greblha"]
[Black "DM1969"]
[Result "0-1"]
[WhiteElo "1963"]
[BlackElo "1983"]
[Annotator "NA RC"]
[PlyCount "90"]
[EventDate "2020.07.16"]
[EventType "swiss (blitz)"]

1. e4 {[%emt 0:00:01]} e6 {[%emt 0:00:02]} 2. Qe2 {[%emt 0:00:02]} d5 {[%emt 0:00:01]} 3. exd5 {[%emt 0:00:01]} Qxd5 {[%emt 0:00:01]} 4. Nc3 {[%emt 0:00:00]} Qa5 {[%emt 0:00:02]} 5. g3 {[%emt 0:00:01]} c6 {[%emt 0:00:01]} 6. Bg2 {[%emt 0:00:01]} Nf6 {[%emt 0:00:01]} 7. Nh3 {[%emt 0:00:01]} Be7 {[%emt 0:00:01]} 8. O-O {[%emt 0:00:00]} O-O {[%emt 0:00:02]} 9. d4 {[%emt 0:00:01]} Qc7 {[%emt 0:00:07]} 10. Bf4 {[%emt 0:00:02]} Bd6 {[%emt 0:00:01]} 11. Rad1 {[%emt 0:00:01]} Nd5 {[%emt 0:00:03]} 12. Nxd5 {[%emt 0:00:02]} exd5 {[%emt 0:00:04]} 13. Qh5 {[%emt 0:00:08]} Bxh3 {[%emt 0:00:07]} 14. Bxh3 {[%emt 0:00:10]} Bxf4 {[%emt 0:00:02]} 15. gxf4 {[%emt 0:00:01]} Qxf4 {[%emt 0:00:01]} 16. Kh1 {[%emt 0:00:01]} Na6 {[%emt 0:00:11]} 17. c3 {[%emt 0:00:09]} Nc7 {[%emt 0:00:03]} 18. Rd3 {[%emt 0:00:01]} g6 {[%emt 0:00:02]} 19. Qd1 {[%emt 0:00:04]} Qh6 {[%emt 0:00:06]} 20. Bg4 {[%emt 0:00:07]} f5 {[%emt 0:00:03]} 21. Rh3 {[%emt 0:00:01]} Qf4 {[%emt 0:00:07]} 22. Be2 {[%emt 0:00:04]} Ne6 {[%emt 0:00:02]} 23. Rf3 {[%emt 0:00:02]} Qh4 {[%emt 0:00:06]} 24. Qd2 {[%emt 0:00:08]} Rae8 {[%emt 0:00:04]} 25. Rg1 {[%emt 0:00:01]} Ng7 {[%emt 0:00:09]} 26. Bf1 {[%emt 0:00:03]} Re4 {[%emt 0:00:11]} 27. Rh3 {[%emt 0:00:01]} Qf6 {[%emt 0:00:03]} 28. Qh6 {[%emt 0:00:01]} Kf7 {[%emt 0:00:09]} 29. Qxh7 {[%emt 0:00:04]} Rg4 {[%emt 0:00:03]} 30. Bg2 {[%emt 0:00:13]} Re8 {[%emt 0:00:07]} 31. f3 {[%emt 0:00:01]} Rg5 {[%emt 0:00:03]} 32. Qh4 {[%emt 0:00:04]} Re2 {[%emt 0:00:03]} 33. Rg3 {[%emt 0:00:06]} Rxg3 {[%emt 0:00:04]} 34. Qxg3 {[%emt 0:00:05]} Nh5 {[%emt 0:00:03]} 35. Qc7+ {[%emt 0:00:01]} Re7 {[%emt 0:00:02]} 36. Qd8 {[%emt 0:00:04]} Qh4 {[%emt 0:00:02]} 37. Rd1 {[%emt 0:00:11]} Re1+ {[%emt 0:00:04]} 38. Bf1 {[%emt 0:00:03]} Rxf1+ {[%emt 0:00:03]} 39. Rxf1 {[%emt 0:00:02]} Qxd8 {[%emt 0:00:01]} 40. Kg2 {[%emt 0:00:01]} Qg5+ {[%emt 0:00:01]} 41. Kf2 {[%emt 0:00:01]} Qd2+ {[%emt 0:00:01]} 42. Kg1 {[%emt 0:00:01]} Nf4 {[%emt 0:00:02]} 43. Rf2 {[%emt 0:00:01]} Qe3 {[%emt 0:00:01]} 44. Kf1 {[%emt 0:00:01]} Nh3 {[%emt 0:00:02]} 45. Re2 {[%emt 0:00:01]} Qg1# {[%emt 0:00:02] (Lag: Av=0.81s, max=1.5s)} 0-1

[Event "Stay Safe Play From Home 309"]
[Site "Emanuel Lasker Arena"]
[Date "2020.07.16"]
[Round "9"]
[White "Timbre"]
[Black "Haris kollari 13"]
[Result "0-1"]
[WhiteElo "1603"]
[BlackElo "1918"]
[Annotator "NA RC"]
[PlyCount "72"]
[EventDate "2020.07.16"]
[EventType "swiss (blitz)"]

1. d4 {[%emt 0:00:06]} d5 {[%emt 0:00:01]} 2. Nf3 {[%emt 0:00:01]} c5 {[%emt 0:00:01]} 3. c3 {[%emt 0:00:01]} Nc6 {[%emt 0:00:01]} 4. Bf4 {[%emt 0:00:01]} Bg4 {[%emt 0:00:01]} 5. e3 {[%emt 0:00:01]} f6 {[%emt 0:00:01]} 6. Be2 {[%emt 0:00:01]} g5 {[%emt 0:00:02]} 7. Bg3 {[%emt 0:00:04]} Bf5 {[%emt 0:00:01]} 8. Bd3 {[%emt 0:00:02]} Be6 {[%emt 0:00:03]} 9. Qc2 {[%emt 0:00:02]} h5 {[%emt 0:00:06]} 10. Bf5 {[%emt 0:00:02]} Bf7 {[%emt 0:00:05]} 11. Bg6 {[%emt 0:00:02]} h4 {[%emt 0:00:01]} 12. Bxf7+ {[%emt 0:00:04]} Kxf7 {[%emt 0:00:01]} 13. Nxg5+ {[%emt 0:00:07]} fxg5 {[%emt 0:00:04]} 14. Qf5+ {[%emt 0:00:03]} Nf6 {[%emt 0:00:01]} 15. Be5 {[%emt 0:00:03]} Rg8 {[%emt 0:00:05]} 16. Nd2 {[%emt 0:00:13]} Qd7 {[%emt 0:00:02]} 17. Qf3 {[%emt 0:00:05]} Qe6 {[%emt 0:00:09]} 18. Bxf6 {[%emt 0:00:03]} exf6 {[%emt 0:00:01]} 19. Qh5+ {[%emt 0:00:05]} Kg7 {[%emt 0:00:05]} 20. Nf3 {[%emt 0:00:02]} cxd4 {[%emt 0:00:02]} 21. cxd4 {[%emt 0:00:03]} Bb4+ {[%emt 0:00:05]} 22. Kf1 {[%emt 0:00:03]} Rh8 {[%emt 0:00:07]} 23. Nxg5 {[%emt 0:00:04]} Rxh5 {[%emt 0:00:11]} 24. Nxe6+ {[%emt 0:00:02]} Kf7 {[%emt 0:00:01]} 25. Nf4 {[%emt 0:00:03]} Rg5 {[%emt 0:00:04]} 26. g3 {[%emt 0:00:02]} hxg3 {[%emt 0:00:08]} 27. hxg3 {[%emt 0:00:02]} Rag8 {[%emt 0:00:01]} 28. Rh7+ {[%emt 0:00:05]} R8g7 {[%emt 0:00:03]} 29. Rh8 {[%emt 0:00:07]} Bd6 {[%emt 0:00:07]} 30. Rc1 {[%emt 0:00:07]} Bxf4 {[%emt 0:00:02]} 31. exf4 {[%emt 0:00:02]} R5g6 {[%emt 0:00:02]} 32. Rc8 {[%emt 0:00:04]} Ke6 {[%emt 0:00:03]} 33. Re1+ {[%emt 0:00:04]} Kd7 {[%emt 0:00:06]} 34. Rce8 {[%emt 0:00:03]} Re7 {[%emt 0:00:02]} 35. R8xe7+ {[%emt 0:00:03]} Nxe7 {[%emt 0:00:01]} 36. Rxe7+ {[%emt 0:00:03]} Kxe7 {[%emt 0:00:01] Timbre resigns (Lag: Av=0.30s, max=0.5s)} 0-1